Ship fever (Record no. 34713)

MARC details
000 -LEADER
fixed length control field 00443nam a2200181Ia 4500
020 ## - INTERNATIONAL STANDARD BOOK NUMBER
ISBN 9780393316001
050 ## - CALL MARK
Classification number PS 3552.A7327 .B37/
100 ## - STATEMENT OF RESPONSIBILITY--MAIN AUTHOR NAME
Personal name Andrea Barrett.
245 #0 - TITLE STATEMENT
Title Ship fever
260 ## - PUBLICATION, DISTRIBUTION, ETC. (IMPRINT)
Place of publication New York
260 ## - PUBLICATION, DISTRIBUTION, ETC. (IMPRINT)
Name of publisher Norton
260 ## - PUBLICATION, DISTRIBUTION, ETC. (IMPRINT)
Year of publication 1996
300 ## - PHYSICAL DESCRIPTION
Number of Pages 254 p
650 ## - SUBJECT ADDED ENTRY--TOPICAL TERM
Topical Term Scientists--Fiction. Historical fiction, American.
942 ## - ADDED ENTRY ELEMENTS (KOHA)
Koha item type Books
Holdings
Withdrawn status Lost status Source of classification or shelving scheme Damaged status Not for loan Permanent Location Current Location Date acquired Accession Number Price effective from Koha item type
    Library of Congress Classification     Law Library Law Library 04/23/2025 0190843 04/23/2025 Books